Most streamed songs : Paramore - Statistics

General Stats
  • This quiz has been taken 72 times
  • The average score is 14 of 20
Answer Stats
Rank Number of streams Song Album/EP % Correct
2. 1 007 361 646 Misery Business Riot!
97%
4. 599 221 303 Hard Times After Laughter
92%
1. 1 012 106 781 Still into You Paramore
89%
7. 391 491 832 Decode Twilight Original Motion Picture Soundtrack
87%
6. 406 785 595 All I Wanted Brand New Eyes
84%
5. 588 586 938 Ain't It Fun Paramore
80%
3. 668 763 967 The Only Exception Brand New Eyes
80%
9. 322 049 117 Ignorance Brand New Eyes
77%
10. 288 937 969 crushcrushcrush Riot!
70%
17. 109 230 383 This Is Why This Is Why
70%
8. 354 284 422 That's What You Get Riot!
67%
20. 91 020 740 Monster Transformers: Dark of the Moon - The Album
64%
15. 112 040 514 Playing God Brand New Eyes
64%
16. 109 804 280 Pressure All We Know Is Falling
62%
11. 203 442 260 Brick by Boring Brick Brand New Eyes
61%
12. 154 030 922 Rose-Colored Boy After Laughter
61%
18. 106 748 578 Fake Happy After Laughter
49%
14. 112 860 948 Told You So After Laughter
49%
19. 93 453 480 Last Hope Paramore
41%
13. 144 756 396 Interlude: I'm Not Angry Anymore Paramore
26%
No matching quizzes found
Score Distribution
Percent of People with Each Score
Percentile by Number Answered
Your Score History
You have not taken this quiz